Virtuální polytechnická knihovna - Souborný katalog - Úplný záznam dokumentu - MARC Uživatel: --- 
-----nas  22-----zu 4500
001 SKVPK0031899
003 CZ-VPK
005 20260424090938.0
008 260424d19471967||||| | |||  ||   |||||||
022   $a0096-6207
040   $aABA013$bcze
222  0$aNucleonics
245 00$aNucleonics
260   $aSpojené státy americké - kalifornie :$bNew York : McGraw-Hill,$c1947-196
      7
650 07$afyzika$xfy$2psh
780 00$tNucleonics week$x0048-105X
780 00$tAtomic engineering
780 00$tAtomic power
910   $aABA013$r1948-1952, 1954-1965
OAI-PMH
 čtvrtek 14.05.2026 01:20:22 © 2001-2015 Národní technická knihovna 

[Virtuální polytechnická knihovna] [Servisní centrum] [Souborný katalog]